| 000 | 00640nam a2200205Ia 4500 | ||
|---|---|---|---|
| 003 | GCL | ||
| 008 | 140319s9999 xx 000 0 ara d | ||
| 040 |
_aGCL / _cGCL |
||
| 082 | 0 | 4 |
_a189.09 _bص ت |
| 100 | 1 | _aصلاح فضل | |
| 245 | 1 | 0 |
_aتأثير الثقافة الاسلامية فى الكوميديا الالهية لدانتى / _cصلاح فضل |
| 260 |
_a[S.N] : _bمؤسسة شباب الجامعة ، _c1985 |
||
| 300 | _a392 ص | ||
| 490 | _a | ||
| 650 | 0 | 4 | _aالفلسفة الاسلامية |
| 650 | 0 | 4 | _aالفلسفة |
| 650 | 0 | 4 | _aدانتى |
| 650 | 0 | 4 | _aالكوميديا الالهية |
| 942 |
_2ddc _cBK |
||
| 999 |
_c31911 _d31911 |
||